Modernity of tradition: political development in india. (Record no. 92405)
[ view plain ]
| 000 -LEADER | |
|---|---|
| fixed length control field | 00415nam a2200133Ia 4500 |
| 008 - FIXED-LENGTH DATA ELEMENTS--GENERAL INFORMATION | |
| fixed length control field | 210210b1987 xxu||||| |||| 00| 0 eng d |
| 082 ## - DEWEY DECIMAL CLASSIFICATION NUMBER | |
| Classification number | 320.954 RUDM |
| 100 ## - MAIN ENTRY--PERSONAL NAME | |
| Personal name | RUDOLPH (Lloyd) and RUDOLPH (Susanne Hoeber). |
| 245 ## - TITLE STATEMENT | |
| Title | Modernity of tradition: political development in india. |
| 260 ## - PUBLICATION, DISTRIBUTION, ETC. | |
| Place of publication, distribution, etc. | Hyderabad |
| Name of publisher, distributor, etc. | Orient Longman Ltd |
| Date of publication, distribution, etc. | 1987 |
| 300 ## - PHYSICAL DESCRIPTION | |
| Extent | x,306 |
| 690 ## - LOCAL SUBJECT ADDED ENTRY--TOPICAL TERM (OCLC, RLIN) | |
| Topical term or geographic name as entry element | Political Situation & Condition |
| 906 ## - LOCAL DATA ELEMENT F, LDF (RLIN) | |
| a | 042672 |
| Withdrawn status | Lost status | Damaged status | Not for loan | Collection code | Home library | Current library | Shelving location | Date acquired | Cost, normal purchase price | Total Checkouts | Full call number | Barcode | Date last seen | Price effective from | Koha item type |
|---|---|---|---|---|---|---|---|---|---|---|---|---|---|---|---|
| St Aloysius Library | St Aloysius Library | 02/17/2021 | 55.00 | 320.954 RUDM | 042672 | 02/17/2021 | 02/17/2021 | Book |